[Event "Match Sweden vs Denmark"]
[Site "Online"]
[Date "2020.12.08"]
[Round "1.3"]
[White "Johansson, Linus"]
[Black "Haubro, Martin"]
[Result "1/2-1/2"]
[WhiteElo "2486"]
[BlackElo "2437"]
[Annotator "TA"]
[PlyCount "59"]
[EventDate "2020.12.11"]
[EventType "team-tourn"]
[EventCountry "NET"]
[SourceTitle "playchess.com"]
[Source "ChessBase"]
[SourceQuality "1"]

{[%evp 9,59,-12,38,19,28,28,71,67,66,69,66,67,62,25,17,19,47,44,54,28,87,29,14,15,34,0,94,91,66,89,82,75,88,66,93,64,69,62,102,34,86,-17,-7,-373,-388,-388,0,0,0,-371,0,0]} 1. d4 Nf6 2. c4 e6 3. Nc3 Bb4 4. Bd2 b6 5. f3 c5 (5... Bxc3 $5 6. Bxc3 d5 $11) 6. d5 {E20: Nimzo-Indian: 4 g3 and 4 f3.} exd5 7. cxd5 Ba6 8. e4 {White is better.} Bxf1 9. Kxf1 d6 10. Nge2 O-O {[#]} 11. Kf2 $146 ({Predecessor:} 11. a3 Bxc3 12. Bxc3 Nbd7 13. Ng3 Ne5 14. Kf2 b5 15. Nf5 g6 16. Ne3 a5 17. a4 {1-0 (60) Stern,R (2517)-Figura,A (2349) Berlin 2012}) 11... Nbd7 12. a3 Bxc3 13. Bxc3 b5 14. b4 Qb6 (14... Nb6 $11 {keeps the balance.}) 15. bxc5 (15. Ng3 $16) 15... Nxc5 $11 16. Bd4 Nfd7 17. Qb1 f5 (17... a5 $11) 18. exf5 $16 Rae8 19. Rd1 Qd8 20. Ng3 Qg5 21. Kg1 h5 22. Ne4 Nxe4 23. fxe4 Ne5 24. Bxa7 (24. Rf1 $16) 24... Ng4 {[#]} ({Better is} 24... Re7 $14 25. Bd4 Nf3+ 26. Kh1 Qf4) 25. Qd3 ({White should try} 25. Re1 $1 $16) 25... Qf4 $11 26. h3 $2 {[%mdl 8192]} (26. g3 $11 {and White is okay.} Qxe4 27. Qxe4 Rxe4 28. Rab1) 26... Qh2+ $19 27. Kf1 Qf4+ 28. Kg1 Qh2+ 29. Kf1 Qf4+ $2 {[#]} (29... Qh1+ $19 30. Bg1 Nf6 {[%mdl 64] Decoy}) 30. Kg1 {Weighted Error Value: White=0.58/Black=0.51} 1/2-1/2

[Event "Match Sweden vs Denmark"]
[Site "Online"]
[Date "2020.12.08"]
[Round "2.1"]
[White "Haubro, Martin"]
[Black "Grandelius, Nils"]
[Result "0-1"]
[WhiteElo "2437"]
[BlackElo "2663"]
[Annotator "TA"]
[PlyCount "32"]
[EventDate "2020.12.11"]
[EventType "team-tourn"]
[EventCountry "NET"]
[SourceTitle "playchess.com"]
[Source "ChessBase"]
[SourceQuality "1"]

{[%evp 9,32,0,0,0,0,0,0,0,14,4,14,1,23,-62,37,-93,-17,-87,-88,-146,-132,-314,-318,-302,-295]} 1. e4 c6 2. d4 d5 3. e5 c5 4. dxc5 e6 5. a3 Bxc5 6. b4 {B12: Caro-Kann: Advance Variation.} Be7 7. Bd3 a5 8. b5 {The position is equal.} Nd7 9. Nf3 f6 10. Bb2 Nh6 11. O-O ({White should try} 11. Nbd2 $11) 11... O-O {[#]} (11... Nf7 $1 $15 12. exf6 Bxf6) 12. Re1 $146 (12. c4 $14 {keeps the upper hand.}) ({Predecessor:} 12. c4 Nc5 13. Nc3 Nxd3 14. Qxd3 fxe5 15. cxd5 exd5 16. Qxd5+ Nf7 17. Nxe5 Bf6 18. Qxd8 Rxd8 19. Nxf7 Kxf7 {½-½ (82) Samsonkin,A (2428)-Ortiz,M (2191) chess.com INT 2020}) 12... Nf7 ({Better is} 12... fxe5 $17 {Hoping for ...e4.} 13. Nxe5 Bc5) 13. exf6 (13. c4 $1 $11 {remains equal.}) 13... Bxf6 $17 14. Nd4 (14. Bxf6 $142 Qxf6 15. Nbd2) 14... Nc5 {Strongly threatening ...Na4.} 15. Nd2 $2 (15. Ra2 $17 {is a better defense.}) 15... Na4 $19 16. Qh5 {[%csl Gd3][%cal Rh5h7] [#]} Nh6 {Weighted Error Value: White=0.54/Black=0.26} 0-1

[Event "Match Sweden vs Denmark"]
[Site "Online"]
[Date "2020.12.08"]
[Round "2.2"]
[White "Hillarp Persson, Tiger"]
[Black "Ochsner, Bjorn Moller"]
[Result "1-0"]
[WhiteElo "2543"]
[BlackElo "2505"]
[Annotator "TA"]
[PlyCount "73"]
[EventDate "2020.12.11"]
[EventType "team-tourn"]
[EventCountry "NET"]
[SourceTitle "playchess.com"]
[Source "ChessBase"]
[SourceQuality "1"]

{[%evp 9,73,16,29,17,18,-14,60,49,44,51,75,50,139,164,152,141,145,139,144,141,206,202,193,201,290,220,235,193,267,238,212,0,150,180,163,145,344,351,347,342,550,567,566,541,821,547,1304,1063,2093,806,806,340,321,326,326,177,313,305,815,847,852,862,842,810,1062,1047]} 1. Nf3 d5 2. g3 Nd7 3. d4 b5 4. Nc3 c6 5. Bg2 Ngf6 6. O-O {D02: 1 d4 d5 2 Nf3 sidelines, including 2...Nf6 3 g3 and 2...Nf6 3 Bf4.} e6 {[#]} 7. e4 $146 ({Predecessor:} 7. Ne5 Nxe5 8. dxe5 Nd7 9. e4 b4 10. Ne2 Nxe5 11. Nd4 Bc5 12. Bf4 Ng6 13. Nxc6 {1-0 (22) Skoberne,J (2566)-Schneider,I (2500) Austria 2020}) 7... dxe4 (7... b4 $1 $11 8. exd5 cxd5) 8. Ng5 $14 {White is slightly better.} Be7 9. Ncxe4 Bb7 10. a4 a6 (10... Nxe4 $14 11. Nxe4 O-O) 11. Nxf7 $1 $16 Kxf7 12. Ng5+ Kg8 13. Nxe6 Qc8 14. Re1 $1 {Nxg7! is the strong threat.} Bd6 (14... c5 $16) 15. Bf4 $18 Bxf4 16. Nxf4 c5 (16... Kf7 {is a better defense.}) 17. d5 Kf7 18. Bh3 {[%mdl 1024] White has strong compensation.} (18. Qe2 Re8 $15) 18... Re8 (18... Rd8 $142) 19. Be6+ Kf8 20. Ra3 $2 (20. Qd3 $18 {Black must now prevent Qxh7!} Re7 21. d6 (21. axb5 c4 $16) 21... Rxe6 22. Nxe6+ Kg8 23. Nc7 (23. axb5 axb5 24. Qxb5 Rxa1 $16)) 20... Qb8 (20... Qc7 $1 $11) 21. Rae3 $16 {And now Bxd7 would win.} Qd6 22. Qd3 {Threatens to win with Qxh7!} g6 $2 {[#] This costs Black the game.} (22... Ke7 $16) 23. Nxg6+ $1 $18 {[%mdl 512]} Kg7 (23... hxg6 24. Qxg6) 24. Nf4 c4 $2 (24... Kh8 25. Qf5 (25. axb5 axb5 26. Qf5 Bc8 $18) 25... Rab8) 25. Qf5 Kh8 26. Qg5 Rf8 27. Bxd7 {Intending Ng6+! and mate.} Nxd7 {[#]} 28. Re7 $1 {[%csl Ge7][%cal Rg5g7][%mdl 512]} Rg8 {[#]} 29. Rxh7+ (29. Qh4 $142 $1 {[%mdl 512]} Nf6 {[#]} 30. R1e6 $1 {[%mdl 576] Double Attack} Qxe7 31. Rxe7) 29... Kxh7 30. Re7+ (30. Qf5+ $142 Kh8 31. Re6 Qxf4 32. Qxf4) 30... Qxe7 31. Qxe7+ Rg7 32. Qh4+ $40 {[%mdl 128] White attacks with force.} Kg8 33. Ne6 Re8 $2 (33... Rh7 34. Qg4+ Kh8) 34. Nxg7 {White is clearly winning.} Re1+ 35. Kg2 Bxd5+ 36. f3 Re2+ 37. Kf1 {Weighted Error Value: White=0.47/Black=0.60} 1-0

[Event "Match Sweden vs Denmark"]
[Site "Online"]
[Date "2020.12.08"]
[Round "2.4"]
[White "Thybo, Jesper Sondergaard"]
[Black "Pantzar, Milton"]
[Result "1-0"]
[WhiteElo "2565"]
[BlackElo "2421"]
[Annotator "TA"]
[PlyCount "77"]
[EventDate "2020.12.11"]
[EventType "team-tourn"]
[EventCountry "NET"]
[SourceTitle "playchess.com"]
[Source "ChessBase"]
[SourceQuality "1"]

{[%evp 9,77,5,4,5,11,4,0,0,4,11,5,7,6,6,0,10,0,-15,-14,-13,-18,-38,116,121,131,130,125,124,174,167,165,164,167,164,203,206,250,242,254,244,341,341,330,326,319,318,319,319,312,306,324,324,329,319,401,401,385,354,393,360,447,447,445,437,1676,1572,1400,1158,29984,29985]} 1. c4 e6 2. Nf3 d5 3. e3 Nf6 4. Nc3 b6 5. b3 Bb7 6. Bb2 {A17: English Opening: 1...Nf6 with ...Bb4.} Nbd7 7. cxd5 exd5 8. Rc1 {The position is equal.} a6 9. d4 Bd6 10. g3 O-O 11. Bg2 Qe7 12. O-O Ne4 13. Nxe4 dxe4 14. Nd2 b5 {[#]} 15. Qc2 $5 $146 {[%cal Rd2e4][%mdl 8] An interesting novelty.} ({Predecessor:} 15. Qe2 Bd5 16. Nb1 f5 17. Nc3 Bf7 18. f3 Bh5 19. Nd5 Qf7 20. g4 Qxd5 21. gxh5 {0-1 (71) Sonis,F (2445)-Moroni,L (2559) Chianciano Terme 2018}) 15... Nf6 $2 {[#]} (15... f5 $15 {stays ahead.}) 16. d5 $1 $16 {[%mdl 512] White leaves nothing to chance now.} Bxd5 17. Bxf6 Qxf6 18. Nxe4 Qh6 19. Nxd6 Bxg2 {[#]} 20. Nxf7 $1 Rxf7 21. Kxg2 Re8 22. Qc6 Re6 23. Qa8+ Rf8 24. Qd5 Rf7 {[#]} 25. Rxc7 $1 {[%mdl 576] Decoy} Rxc7 26. Qd8+ {[%mdl 64] Double Attack} Kf7 27. Qxc7+ $18 {[%mdl 4096] Endgame KQR-KQR} Re7 28. Qc5 Qe6 29. Rd1 g6 30. Rd4 Kg7 31. h4 h5 32. Rf4 Kh7 33. Qd4 Rd7 34. Qf6 Qd5+ 35. e4 Qb7 36. Kh2 Rd2 (36... Re7 $142 37. e5 Qd7) 37. Qf8 Rd7 38. e5 {Threatening mate with e6.} Re7 {[#]} 39. e6 $1 {Weighted Error Value: White=0.03/Black=0.59} 1-0

[Event "Match Sweden vs Denmark"]
[Site "Online"]
[Date "2020.12.08"]
[Round "3.1"]
[White "Grandelius, Nils"]
[Black "Thybo, Jesper Sondergaard"]
[Result "0-1"]
[WhiteElo "2663"]
[BlackElo "2565"]
[Annotator "TA"]
[PlyCount "78"]
[EventDate "2020.12.11"]
[EventType "team-tourn"]
[EventCountry "NET"]
[SourceTitle "playchess.com"]
[Source "ChessBase"]
[SourceQuality "1"]

{[%evp 9,78,7,10,6,15,6,2,-2,2,5,7,-35,-26,-82,0,2,0,0,45,37,41,24,50,36,60,45,143,129,128,71,71,32,79,74,109,105,137,138,150,112,137,95,112,114,141,134,161,55,53,43,34,4,63,60,56,52,83,74,73,65,75,-143,-133,-317,-303,-529,-525,-641,-632,-595,-545]} 1. e4 c5 2. Nc3 Nc6 3. Bb5 Nd4 4. Nf3 a6 5. Bd3 g6 6. O-O {B23: Closed Sicilian: Lines without g3.} Bg7 7. Re1 {[#]} Nxf3+ $146 ({Predecessor:} 7... e6 8. Rb1 Nc6 9. Bf1 d6 10. a3 Qc7 11. b4 Nf6 12. bxc5 dxc5 13. Bb2 O-O {½-½ (41) Serradimigni,R (2480)-Szczepankiewicz,D (2445) ICCF email 2017}) 8. Qxf3 {The position is equal.} d6 9. a4 Nf6 10. e5 dxe5 11. Rxe5 (11. Bc4 $11) 11... Qd4 (11... Qd6 $17 12. Re2 Ng4) 12. Re1 $11 O-O 13. a5 Qd8 14. h3 Rb8 15. Qe3 Qd4 16. Na4 ({Much weaker is} 16. Qxe7 Bd7 $11) 16... Nd5 17. Qg3 Bd7 ({Better is} 17... Nf4 $1 $14) 18. c3 $16 Qf4 19. Qxf4 (19. Nxc5 $142 Qxg3 20. fxg3) 19... Nxf4 20. Bf1 Ne6 21. Bc4 Bxa4 22. Rxa4 Nd8 23. Rxe7 Nc6 24. Re4 Rbd8 25. Bf1 Be5 26. d3 Bc7 27. Be3 Rd5 28. b4 (28. c4 $18 Rd7 29. Bxc5) 28... cxb4 $14 29. cxb4 Rfd8 30. Ra3 Nd4 (30... Bd6 $11) 31. Rc3 Nc6 32. d4 Bd6 {[#]} 33. Bc4 $1 {[%cal Rc4d5]} Bxb4 34. Rb3 Rxa5 {[#]} 35. d5 $2 (35. Rb1 $1 $16 {is necessary to keep the advantage.}) 35... Ra1+ $17 36. Bf1 $2 (36. Kh2 $17 Bd6+ 37. g3) 36... Rxd5 $19 37. g3 $2 (37. Rexb4 Nxb4 38. Rxb4) 37... Rdd1 {Black is clearly winning.} 38. Bh6 {Re8+ would kill now.} Rxf1+ 39. Kg2 {White threatens Re8+ and mate.} Rfe1 {What a bad dream for White.  Weighted Error Value: White=0.42/Black=0.21} 0-1

[Event "Match Sweden vs Denmark"]
[Site "Online"]
[Date "2020.12.08"]
[Round "3.2"]
[White "Haubro, Martin"]
[Black "Blomqvist, Erik"]
[Result "0-1"]
[WhiteElo "2437"]
[BlackElo "2535"]
[Annotator "TA"]
[PlyCount "118"]
[EventDate "2020.12.11"]
[EventType "team-tourn"]
[EventCountry "NET"]
[SourceTitle "playchess.com"]
[Source "ChessBase"]
[SourceQuality "1"]

{[%evp 9,118,13,18,0,9,5,17,21,12,17,17,19,22,13,22,1,5,0,0,-32,-25,-27,-5,0,0,0,4,0,0,0,0,0,0,0,0,0,10,0,0,0,0,0,19,0,0,0,17,-13,0,0,0,-17,0,0,0,0,0,-64,-21,-64,-64,-69,-69,-78,-68,-124,-124,-121,-97,-106,-106,-123,-89,-102,-99,-118,-124,-258,-180,-219,-135,-247,-254,-288,-272,-282,-266,-250,-254,-248,-247,-249,-249,-247,-249,-249,-152,-174,-172,-189,-189,-225,-237,-396,-382,-822,-793,-891,-366,-885,-872]} 1. e4 c6 2. d4 d5 3. e5 c5 4. dxc5 e6 5. a3 Bxc5 6. b4 {B12: Caro-Kann: Advance Variation.} Bb6 7. Nf3 Ne7 8. Bb2 {The position is equal.} a5 9. Nbd2 axb4 10. axb4 Rxa1 11. Qxa1 O-O 12. Be2 Na6 {[#]} 13. c3 $146 ({Predecessor:} 13. Qa3 Bd7 14. O-O Nc7 15. Rd1 Nb5 16. Qb3 h6 17. c4 dxc4 18. Nxc4 Nd5 19. Nfd2 {½-½ (30) Straka,Z (2550)-Dhanish,P (2600) ICCF email 2014}) 13... Ng6 14. O-O Nf4 15. Bd1 Bd7 16. g3 $1 {[%cal Rg3f4]} Ng6 17. Be2 Nc7 18. c4 dxc4 $1 19. Nxc4 Bb5 20. Rd1 Nd5 21. Bf1 Bxc4 22. Bxc4 Nge7 23. Qb1 h6 24. Qe4 Qc7 25. Bd3 {[%csl Gd3][%cal Re4h7] [#]} Ng6 26. h4 {Black should prevent Rc1.} Rd8 27. h5 Nf8 28. Rc1 Qd7 29. Bf1 Qa4 30. Rb1 Rc8 31. Bd4 Bxd4 32. Qxd4 Nd7 33. Ra1 (33. Bd3 $11) 33... Qb3 34. Bd3 Qxb4 35. Qxb4 Nxb4 36. Be4 b6 37. Ra7 (37. Kg2 $15) 37... Nc5 $17 38. Bb1 Rd8 {[#] Hoping for ...Rd1+.} 39. Kg2 Kf8 40. g4 Rd1 41. Bh7 {and if Ra8+ works, White does fine.} Nc6 42. Ra8+ Rd8 43. Ra3 {White does not recover from this.} (43. Rxd8+ $17 {was the only defense.} Nxd8 44. Kg3) 43... Ke7 44. Ra1 Rd5 45. Re1 (45. Rb1 $17) 45... b5 $19 46. Rb1 b4 ({Weaker is} 46... Nxe5 47. Nxe5 Rxe5 48. Rxb5 $17) 47. Bc2 Rd8 48. Bd1 Rb8 49. Rc1 Rb5 50. Be2 Ra5 51. Bc4 Ne4 52. Bxe6 Nxe5 ({Not} 52... fxe6 53. Rxc6 Ra2 54. Nd4 $17) 53. Bf5 {Black must now prevent Re1.} Nxf3 54. Kxf3 {[%mdl 4096] Endgame KRB-KRN} Nc3 55. Re1+ Kf6 56. Re8 $2 (56. Re3 {was the only chance.}) 56... b3 57. Rb8 $2 (57. Bh7 Rb5 58. Rd8) 57... Rb5 58. Rc8 b2 (58... Rxf5+ $142 59. gxf5 b2 60. Rc6+ Ke5) 59. Rxc3 $2 (59. Bc2 b1=Q 60. Bxb1 Nxb1 61. Rd8) 59... Rxf5+ {Weighted Error Value: White=0.38/Black=0.17} 0-1

[Event "Match Sweden vs Denmark"]
[Site "Online"]
[Date "2020.12.08"]
[Round "3.3"]
[White "Andersen, Mads"]
[Black "Johansson, Linus"]
[Result "1-0"]
[WhiteElo "2579"]
[BlackElo "2486"]
[Annotator "TA"]
[PlyCount "75"]
[EventDate "2020.12.11"]
[EventType "team-tourn"]
[EventCountry "NET"]
[SourceTitle "playchess.com"]
[Source "ChessBase"]
[SourceQuality "1"]

{[%evp 13,75,22,53,45,56,52,69,65,60,82,57,77,82,92,89,78,70,62,134,111,220,117,135,122,109,126,152,145,160,147,181,191,176,179,181,176,175,176,167,141,360,368,408,407,514,514,559,560,555,558,614,549,547,535,526,527,641,635,570,455,623,620,591,571]} 1. d4 Nf6 2. c4 e6 3. Nf3 d5 4. g3 Be7 5. Bg2 O-O 6. O-O dxc4 7. Ne5 Qd6 8. Na3 $1 {[%mdl 4] is recently more successful than 8.Nxc4. E05: Open Catalan: 5 Nf3 Be7.} Rd8 9. Naxc4 Qxd4 10. Qb3 {[#] aiming for Be3.White is slightly better.} Qc5 $146 ({Predecessor:} 10... Nd5 11. Rd1 Qc5 12. e4 b5 13. exd5 bxc4 14. Qf3 Bf6 15. Be3 Qf8 16. dxe6 Bxe6 17. Rxd8 Qxd8 {1-0 (35) Sabuk,P (2365)-Puczylowski,M (2101) Jastrzebia Gora 2016}) 11. Bxb7 Bxb7 12. Qxb7 Nbd7 13. Be3 Qd5 14. Nc6 ({Wrong is} 14. Qxc7 $2 Rdc8 $19) 14... Qxc4 15. Nxe7+ Kf8 (15... Kh8 $14) 16. Nc6 $16 Rdc8 (16... Re8 $16) 17. Rfd1 (17. Rac1 $18 Qg4 18. Bxa7) 17... Nc5 18. Rac1 Nxb7 19. Rxc4 Nd5 20. Bxa7 Ke8 21. a3 Nd8 {[#] And now ...Nxc6 would win.} 22. Bd4 Nxc6 23. Rxc6 Ne7 24. Rc2 f6 25. Bc5 Ra6 26. Rcd2 Ra5 $2 {Black cannot hold the game after this.} (26... Nc6 $16 27. Rc2 Na5) 27. b4 $18 Rxa3 28. Rd7 Nd5 29. Rxg7 {White is clearly winning.} Rca8 30. e4 Ra1 31. Rxa1 Rxa1+ {[%mdl 4096] Endgame KRB-KRN} 32. Kg2 Nc3 33. Re7+ Kd8 34. Rxe6 Re1 35. Rxf6 Rxe4 36. Rf8+ Kd7 37. Rf7+ Kc6 38. Rxh7 {Weighted Error Value: White=0.10/Black=0.36} 1-0

[Event "Match Sweden vs Denmark"]
[Site "Online"]
[Date "2020.12.08"]
[Round "3.4"]
[White "Pantzar, Milton"]
[Black "Bjerre, Jonas Buhl"]
[Result "0-1"]
[WhiteElo "2421"]
[BlackElo "2551"]
[Annotator "TA"]
[PlyCount "72"]
[EventDate "2020.12.11"]
[EventType "team-tourn"]
[EventCountry "NET"]
[SourceTitle "playchess.com"]
[Source "ChessBase"]
[SourceQuality "1"]

{[%evp 19,72,31,20,14,33,14,16,14,14,25,20,14,15,16,24,15,25,0,0,0,0,0,-8,-206,-204,-216,-204,-222,-206,-209,-195,-192,-181,-209,-199,-241,-231,-220,-233,-231,-221,-222,-193,-263,-258,-373,-370,-388,-369,-601,-531,-509,-512,-497,-468]} 1. Nf3 c5 2. c4 Nc6 3. Nc3 g6 4. e3 Nf6 5. d4 cxd4 6. exd4 d5 7. cxd5 Nxd5 8. Qb3 Nxc3 9. Bc4 e6 10. bxc3 Bd7 $1 {[%mdl 4] [#] White must now prevent ...Na5. now scores much better than the old 10...Bg7.} 11. Be2 {A35: Symmetrical English: 2 Nc3 Nc6 3 Nf3.} ({But not} 11. Qxb7 $2 Rb8 $19) 11... Na5 12. Qc2 Rc8 13. O-O {The position is equal.} Bg7 14. Ba3 Bf8 15. Bxf8 Kxf8 16. Rfe1 Kg7 {[#]} 17. Rac1 $146 ({Predecessor:} 17. Ne5 Nc6 18. Bf3 Nxd4 19. Qd1 Nxf3+ 20. Qxf3 f6 21. Nxd7 Qxd7 {0-1 (31) Ortiz Suarez,I (2533)-Corrales Jimenez,F (2548) Philadelphia 2019}) 17... Qf6 18. Ne5 Rhd8 19. Qe4 Nc6 {[%cal Ba5c6,Bc6d4,Bd4e2][%mdl 32]} 20. Ng4 Qg5 21. Qf3 $2 {[#] Loses the game.} (21. f4 $11 {and White stays safe.} Qa5 22. Ne3) 21... Nxd4 $1 $19 {[%mdl 576] Pin} 22. Qe3 (22. cxd4 Rxc1) 22... Qxe3 23. Nxe3 Nxe2+ 24. Rxe2 Bc6 25. c4 Rd3 26. h3 Rcd8 27. c5 Rd2 28. Rxd2 Rxd2 {[%mdl 4096] Endgame KRB-KRN} 29. a3 Rd3 30. Nc4 Bd5 31. a4 (31. Ne3 $142) 31... Rd4 32. Nd6 (32. Ne3 $142) 32... Rxa4 33. Rb1 a5 {[%cal Ba7a5,Ba5a4][%mdl 32]} 34. Rb5 $2 (34. f3) 34... Bc6 {Black is clearly winning.} 35. Rb1 Rb4 36. Ra1 a4 {Weighted Error Value: White=0.36/Black=0.06} 0-1

[Event "Match Sweden vs Denmark"]
[Site "Online"]
[Date "2020.12.08"]
[Round "4.2"]
[White "Ochsner, Bjorn Moller"]
[Black "Blomqvist, Erik"]
[Result "1/2-1/2"]
[WhiteElo "2505"]
[BlackElo "2535"]
[Annotator "TA"]
[PlyCount "92"]
[EventDate "2020.12.11"]
[EventType "team-tourn"]
[EventCountry "NET"]
[SourceTitle "playchess.com"]
[Source "ChessBase"]
[SourceQuality "1"]

{[%evp 16,92,39,23,67,22,26,2,14,14,8,-22,8,-11,0,7,21,0,8,-25,-24,-41,26,-36,20,-91,49,-302,-136,-134,-74,-63,-39,-25,-36,-162,-157,-480,-395,-396,-399,-396,-391,-328,-389,-376,-313,-287,-263,-229,-195,-185,-192,-180,-197,-356,-385,-403,-399,-394,-374,-370,-262,-279,-282,-485,-484,-482,-434,-475,-412,-431,0,-476,0,-458,-420,-405,0]} 1. e4 {Golod,V} c5 2. Nf3 e6 3. d4 cxd4 4. Nxd4 Nf6 5. Nc3 Nc6 6. Nxc6 bxc6 7. e5 Nd5 8. Ne4 Qc7 9. f4 $1 Rb8 {B45: Sicilian Four Knights.} 10. a3 Qb6 11. Bd3 Be7 {The position is equal.} 12. Qe2 f5 13. Nf2 {[%cal Be4f2,Bf2d1,Bd1c3][%mdl 32]} Bc5 {[#]} 14. c4 $146 ({Predecessor:} 14. Nd1 d6 15. c4 dxe5 16. cxd5 e4 17. Bc2 exd5 18. b4 Bd4 19. Bb2 a5 20. Qd2 Bxb2 21. Nxb2 axb4 {1-0 (48) Naiditsch,A (2574)-Radjabov,T (2648) Dortmund 2003 CBM 097 [Golod,V]}) 14... Ne7 15. O-O Bd4 16. Kh1 c5 17. Nd1 Bb7 18. Nc3 Bc6 (18... a6 $1 $15) 19. Qh5+ (19. Nb5 $11) 19... Ng6 (19... g6 $15 20. Qh3 Qa6) 20. Rd1 (20. Nb5 $1 $11 {was the only way to keep the balance.}) 20... Qb3 ({Black should play} 20... O-O $17 21. Bf1 Qb3) 21. Bd2 $2 {[%mdl 8192]} (21. Nb5 $1 $14 {was the only good move.}) 21... O-O (21... Qxb2 $19 {is more deadly.} 22. Nb5 (22. Rab1 $2 Bxc3 23. Qe2 Nxf4 $19 {[%mdl 64] Double Attack}) 22... O-O) 22. Rab1 $17 Bxc3 $40 {[%mdl 128] Black is out for blood.} (22... a6 $142 23. Qg5 d6 $1 {[%mdl 512]} 24. exd6 Rfd8) 23. bxc3 Qxa3 {Hoping for ...Rxb1.} 24. Ra1 $1 {[%cal Ra1a3]} Qb2 {And now ...Nxf4! would win.} 25. Rab1 {[#]} ({White should try} 25. Qe2 $15) 25... Nxf4 $1 $19 {[%mdl 512]} 26. Qg5 $2 (26. Rxb2 $17 {was the crucial defense.} Rxb2 27. Bxf4 Rxg2 28. Be2 (28. Be4 $2 Bxe4 29. Re1 Bc6 $19) 28... Rg4+ {[%mdl 64] Discovered Attack} 29. Rd5 Rxf4 30. Qg5) (26. Bxf4 Qxg2#) 26... Bxg2+ 27. Qxg2 Qxb1 28. Bxb1 Nxg2 29. Kxg2 Rb2 30. Kf3 Rfb8 31. Bd3 a5 {[%cal Ba7a5,Ba5a4,Ba4a3,Ba3a2][%mdl 32]} 32. Ke2 a4 {White must now prevent ...a3.} 33. Ra1 {[#]} Ra8 $1 34. Kd1 a3 35. Bc2 $2 (35. Kc1 {keeps fighting.}) 35... a2 36. Bc1 Rb6 37. Be3 Ra5 38. h4 g6 39. Kc1 Kg7 40. Kd2 $2 (40. Bg5 Ra3 41. Be7) 40... h6 41. Kc1 Rb7 42. Kd2 Rc7 43. Bb3 Rb7 44. Bc2 $1 Rb6 45. Kc1 $1 Rb8 46. Kd2 {[#]} Rb6 $2 {Weighted Error Value: White=0.51/Black=0.54} (46... g5 $1 $19 47. hxg5 h5) 1/2-1/2